Fundamentals of human communication : social science in everyday life. / (Record no. 2064)
[ view plain ]
| 000 -LEADER | |
|---|---|
| fixed length control field | 02093cam a2200349 a 4500 |
| 001 - CONTROL NUMBER | |
| control field | 13508200 |
| 005 - DATE AND TIME OF LATEST TRANSACTION | |
| control field | 20210414114122.0 |
| 008 - FIXED-LENGTH DATA ELEMENTS--GENERAL INFORMATION | |
| fixed length control field | 040302s2005 maua b 001 0 eng |
| 010 ## - LIBRARY OF CONGRESS CONTROL NUMBER | |
| LC control number | 2004045698 |
| 020 ## - INTERNATIONAL STANDARD BOOK NUMBER | |
| International Standard Book Number | 0072862939 (softcover : alk. paper) |
| 040 ## - CATALOGING SOURCE | |
| Original cataloging agency | DLC |
| Transcribing agency | DLC |
| Modifying agency | DLC |
| 050 00 - LIBRARY OF CONGRESS CALL NUMBER | |
| Classification number | P90.D4415 |
| 082 00 - DEWEY DECIMAL CLASSIFICATION NUMBER | |
| Classification number | 302.2 |
| Edition number | 22 |
| 100 ## - MAIN ENTRY--PERSONAL NAME | |
| Personal name | Defleur, Margaret H. |
| 245 00 - TITLE STATEMENT | |
| Title | Fundamentals of human communication : social science in everyday life. / |
| Statement of responsibility, etc. | Margaret H. DeFleur ... [et al.]. |
| 250 ## - EDITION STATEMENT | |
| Edition statement | 3rd ed. |
| 260 ## - PUBLICATION, DISTRIBUTION, ETC. | |
| Place of publication, distribution, etc. | Boston : |
| Name of publisher, distributor, etc. | McGraw Hill, |
| Date of publication, distribution, etc. | c2005. |
| 300 ## - PHYSICAL DESCRIPTION | |
| Extent | xv, 454, [26] p. : |
| Other physical details | ill. ; |
| Dimensions | 24 cm. |
| 500 ## - GENERAL NOTE | |
| General note | Rev. ed. of: Fundamentals of human communication / Melvin L. DeFleur. 2nd. ed. c1998. |
| 504 ## - BIBLIOGRAPHY, ETC. NOTE | |
| Bibliography, etc. note | Includes bibliographical references (p. 453-454) and indexes. |
| 505 ## - FORMATTED CONTENTS NOTE | |
| Formatted contents note | Contents: The Communication process: an overview -- Verbal communication: using speech and language -- Nonverbal communication: communicating without language -- The Importance of listing -- Communicating interpersonally -- Communicating in small groups -- Communicating between cultures -- Presenting yourself effectively -- Overcoming communication apprehension -- Influencing others Coping with conflict -- Using media to communicate interpersonally -- Understanding mass communication -- Professional communication -- Understanding communication research. |
| 650 #0 - SUBJECT ADDED ENTRY--TOPICAL TERM | |
| Topical term or geographic name entry element | Communication. |
| 700 1# - ADDED ENTRY--PERSONAL NAME | |
| Personal name | Kearney, Patricia. |
| 700 1# - ADDED ENTRY--PERSONAL NAME | |
| Personal name | Plax, Timothy G. |
| 700 1# - ADDED ENTRY--PERSONAL NAME | |
| Personal name | DeFleur, Melvin L. (Melvin Lawrence), 1923- |
| Title of a work | Fundamentals of human communication. |
| 856 42 - ELECTRONIC LOCATION AND ACCESS | |
| Materials specified | Publisher description |
| Uniform Resource Identifier | <a href="http://www.loc.gov/catdir/description/mh051/2004045698.html">http://www.loc.gov/catdir/description/mh051/2004045698.html</a> |
| 856 41 - ELECTRONIC LOCATION AND ACCESS | |
| Materials specified | Table of contents |
| Uniform Resource Identifier | <a href="http://www.loc.gov/catdir/toc/mh051/2004045698.html">http://www.loc.gov/catdir/toc/mh051/2004045698.html</a> |
| 856 42 - ELECTRONIC LOCATION AND ACCESS | |
| Materials specified | Contributor biographical information |
| Uniform Resource Identifier | <a href="http://www.loc.gov/catdir/enhancements/fy0735/2004045698-b.html">http://www.loc.gov/catdir/enhancements/fy0735/2004045698-b.html</a> |
| 906 ## - LOCAL DATA ELEMENT F, LDF (RLIN) | |
| a | 7 |
| b | cbc |
| c | orignew |
| d | 1 |
| e | ocip |
| f | 20 |
| g | y-gencatlg |
| 942 ## - ADDED ENTRY ELEMENTS (KOHA) | |
| Source of classification or shelving scheme | Library of Congress Classification |
| Koha item type | Books |
| Withdrawn status | Lost status | Source of classification or shelving scheme | Damaged status | Not for loan | Home library | Current library | Shelving location | Date acquired | Total Checkouts | Full call number | Barcode | Date last seen | Copy number | Price effective from | Koha item type |
|---|---|---|---|---|---|---|---|---|---|---|---|---|---|---|---|
| Library of Congress Classification | WISCONSIN INTERNATIONAL UNIVERSITY COLLEGE, GHANA - MAIN LIBRARY | WISCONSIN INTERNATIONAL UNIVERSITY COLLEGE, GHANA - MAIN LIBRARY | General Stacks | 21/08/2012 | P90.D4415 | 4437/12 | 21/08/2012 | 1 | 21/08/2012 | Books | |||||
| Library of Congress Classification | WISCONSIN INTERNATIONAL UNIVERSITY COLLEGE, GHANA - MAIN LIBRARY | WISCONSIN INTERNATIONAL UNIVERSITY COLLEGE, GHANA - MAIN LIBRARY | General Stacks | 21/08/2012 | P90.D44151 | 4269/12 | 21/08/2012 | 2 | 21/08/2012 | Books | |||||
| Library of Congress Classification | WISCONSIN INTERNATIONAL UNIVERSITY COLLEGE, GHANA - MAIN LIBRARY | WISCONSIN INTERNATIONAL UNIVERSITY COLLEGE, GHANA - MAIN LIBRARY | General Stacks | 21/08/2012 | P90.D44152 | 4438/12 | 21/08/2012 | 3 | 21/08/2012 | Books | |||||
| Library of Congress Classification | WISCONSIN INTERNATIONAL UNIVERSITY COLLEGE, GHANA KUMASI LIBRARY | WISCONSIN INTERNATIONAL UNIVERSITY COLLEGE, GHANA KUMASI LIBRARY | General Stacks | 23/11/2019 | P90.D44(6e) | K/2977/0075/23 | 27/03/2023 | 27/03/2023 | Books |
